000 00231nam a22001217a 4500
040 _cSY
082 _a636
100 _aDANA G
245 _aHandbook of veterinary drugs
260 _aRUA
_bDAN
_cNA
300 _a339p.
942 _cEK
999 _c9819
_d9819